[Event "Ports Summer Tourney"]
[Site "?"]
[Date "1972.??.??"]
[Round "?"]
[White "Peters, A John"]
[Black "Brameld, Arthur F"]
[Result "1-0"]
[WhiteElo "2070"]
[BlackElo "2180"]
[PlyCount "95"]
[EventDate "1972.??.??"]
[EventType "simul"]
[EventRounds "7"]

1. Nf3 Nf6 2. c4 g6 3. g3 Bg7 4. Bg2 O-O 5. Nc3 d6 6. O-O e5 7. d4 Nc6 8. d5 Ne7 9. e4 c5 10. dxc6 bxc6 11. Qa4 Nd7 12. Rd1 Nb6 13. Qb3 Be6 14. Nd2 Rb8 15. Qa3 Qc7 16. c5 dxc5 17. Qxc5 Rfd8 18. b3 Rd7 19. Ba3 Bf8 20. Nf3 Ned5 21. Nxd5 Rxd5 22. Qxf8+ Rxf8 23. exd5 Bxd5 24. Bxf8 Kxf8 25. Rac1 f5 26. Ng5 Qe7 27. Bxd5 cxd5 28. h4 Kg8 29. Rc6 e4 30. Rdc1 Qb4 31. Re6 Nc4 32. bxc4 d4 33. Nxe4 fxe4 34. Rxe4 d3 35. Rd1 Qc3 36. Re3 Qxc4 37. a3 d2 38. Re8+ Kg7 39. Rd8 Qb3 40. R1xd2 Qxa3 41. R2d7+ Kh6 42. Kg2 Qc5 43. Rf7 g5 44. hxg5+ Kxg5 45. Rg8+ Kh6 46. Rf6+ Kh5 47. g4+ Kh4 48. Rh6+ 1-0

[Event "Ports Summer Tourney"]
[Site "?"]
[Date "1972.??.??"]
[Round "?"]
[White "Brameld, Arthur F"]
[Black "Cullinane, Anthony R"]
[Result "1/2-1/2"]
[WhiteElo "2180"]
[BlackElo "1980"]
[PlyCount "69"]
[EventDate "1972.??.??"]
[EventType "simul"]
[EventRounds "7"]

1. e4 c5 2. Nf3 Nc6 3. d4 cxd4 4. Nxd4 Nf6 5. Nc3 e5 6. Ndb5 d6 7. Bg5 a6 8. Bxf6 gxf6 9. Na3 d5 10. Nxd5 Bxa3 11. bxa3 Be6 12. Bc4 Qa5+ 13. Qd2 O-O-O 14. Qxa5 Nxa5 15. Bb3 Nxb3 16. axb3 Bxd5 17. exd5 Rxd5 18. Rd1 Ra5 19. a4 Rc5 20. Rd2 Rg8 21. f3 f5 22. O-O f4 23. Re1 f6 24. c4 Rd8 25. Red1 Rxd2 26. Rxd2 b5 27. cxb5 axb5 28. axb5 Rxb5 29. Rd6 Rxb3 30. Rxf6 Rb1+ 31. Kf2 Rb2+ 32. Kf1 Rb1+ 33. Kf2 Rb2+ 34. Kf1 Rb1+ 35. Kf2 1/2-1/2

[Event "Ports Summer Tourney"]
[Site "?"]
[Date "1972.??.??"]
[Round "?"]
[White "Feltham, George"]
[Black "Brameld, Arthur F"]
[Result "1-0"]
[WhiteElo "1990"]
[BlackElo "2180"]
[PlyCount "67"]
[EventDate "1972.??.??"]
[EventType "simul"]
[EventRounds "7"]

1. e4 e5 2. Nf3 f5 3. Nxe5 Qf6 4. d4 d6 5. Nc4 fxe4 6. Nc3 Qg6 7. Ne3 c6 8. Be2 Nf6 9. d5 Be7 10. f3 O-O 11. O-O Nbd7 12. dxc6 bxc6 13. fxe4 Ne5 14. Nf5 Bd8 15. Qxd6 Re8 16. Ng3 Bb6+ 17. Kh1 Bg4 18. Bxg4 Qxg4 19. Bf4 Rad8 20. Qb4 Ng6 21. Qb3+ Kh8 22. h3 Qh4 23. Nf5 Qh5 24. Bg3 Ne5 25. Rad1 Rxd1 26. Nxd1 Nxe4 27. Bxe5 Rxe5 28. Nd6 g5 29. Rf8+ Kg7 30. Qg8+ Kh6 31. Nf7+ Qxf7 32. Rxf7 Ng3+ 33. Kh2 Bg1+ 34. Kxg3 1-0

[Event "Ports Summer Tourney"]
[Site "?"]
[Date "1972.??.??"]
[Round "?"]
[White "Brameld, Arthur F"]
[Black "Carter, Anthony FC"]
[Result "1/2-1/2"]
[WhiteElo "2180"]
[BlackElo "1990"]
[PlyCount "84"]
[EventDate "1972.??.??"]
[EventType "simul"]
[EventRounds "7"]

1. e4 e5 2. Nf3 d6 3. d4 Nd7 4. dxe5 dxe5 5. Bc4 c6 6. a4 Be7 7. O-O Ngf6 8. Qe2 O-O 9. Rd1 Qc7 10. h3 Nc5 11. Nc3 Be6 12. Bxe6 Nxe6 13. Be3 Rad8 14. Qc4 Nh5 15. g3 g6 16. Kg2 Bf6 17. a5 Rxd1 18. Nxd1 a6 19. Nc3 Qc8 20. Rd1 Rd8 21. Rxd8+ Qxd8 22. b4 Nhg7 23. Na4 h5 24. Nc5 Nxc5 25. Bxc5 Ne6 26. Be3 Qd6 27. Bd2 g5 28. Qd3 Qxd3 29. cxd3 Kf8 30. Bc3 Nd4 31. Nxd4 exd4 32. Bd2 Ke7 33. f4 g4 34. h4 Ke6 35. Kf2 Be7 36. Ke2 Kd7 37. Kd1 c5 38. bxc5 Kc6 39. Kc2 Kxc5 40. Kb3 Kb5 41. Be1 Bd8 42. Bd2 f6 1/2-1/2

[Event "Ports Summer Tourney"]
[Site "?"]
[Date "1972.??.??"]
[Round "?"]
[White "Lambert, Glen"]
[Black "Brameld, Arthur F"]
[Result "0-1"]
[WhiteElo "1870"]
[BlackElo "2180"]
[PlyCount "42"]
[EventDate "1972.??.??"]
[EventType "simul"]
[EventRounds "7"]

1. e4 c5 2. Nf3 a6 3. Nc3 Nc6 4. d4 cxd4 5. Nxd4 e6 6. Be3 Nf6 7. Nb3 Bb4 8. a3 Bxc3+ 9. bxc3 Qc7 10. c4 b6 11. Bd3 d6 12. O-O O-O 13. f4 Nd7 14. Qh5 g6 15. Qh6 f5 16. exf5 exf5 17. c5 dxc5 18. Bc4+ Kh8 19. Bd2 Bb7 20. Bc3+ Nf6 21. g4 Nd4 0-1

[Event "FareCh"]
[Site "?"]
[Date "1972.??.??"]
[Round "?"]
[White "Bye, David"]
[Black "Brameld, Arthur F"]
[Result "0-1"]
[WhiteElo "1765"]
[BlackElo "2180"]
[PlyCount "46"]
[EventDate "1972.??.??"]
[EventType "simul"]
[EventRounds "2"]

1. e4 c5 2. Nf3 Nc6 3. d4 cxd4 4. Nxd4 e6 5. Nf3 Qc7 6. Nc3 a6 7. a3 Nf6 8. Bg5 b5 9. Bd3 Bb7 10. Bh4 Be7 11. Bg3 d6 12. O-O O-O 13. Qd2 Nh5 14. Rfe1 Nxg3 15. hxg3 Rac8 16. Ne2 Na5 17. Nc3 Bf6 18. e5 Bxe5 19. Nxe5 dxe5 20. Qg5 f6 21. Qh4 f5 22. f3 Qc5+ 23. Kh2 Rf6 0-1

[Event "Ports Lge"]
[Site "?"]
[Date "1972.??.??"]
[Round "?"]
[White "Brameld, Arthur F"]
[Black "Peters, A John"]
[Result "1/2-1/2"]
[WhiteElo "2180"]
[BlackElo "2070"]
[PlyCount "61"]
[EventDate "1972.??.??"]
[EventType "simul"]
[EventRounds "11"]

1. e4 e5 2. Nf3 Nc6 3. Nc3 Nf6 4. d4 exd4 5. Nd5 Nxe4 6. Qe2 f5 7. Ng5 d3 8. cxd3 Nd4 9. Qh5+ g6 10. Qh4 c6 11. dxe4 cxd5 12. exd5 Bg7 13. Kd1 h6 14. Nf3 Qxh4 15. Nxh4 Kf7 16. Bd3 d6 17. Be3 Bd7 18. Rc1 Rac8 19. Rxc8 Rxc8 20. g4 f4 21. Bxg6+ Kg8 22. Bxf4 Bxg4+ 23. Kd2 Nf3+ 24. Nxf3 Bxf3 25. Rg1 Bxd5 26. Bf5 Rf8 27. Bxh6 Rxf5 28. Bxg7 Kf7 29. Bd4 Rh5 30. Rg7+ Ke6 31. Bxa7 1/2-1/2

[Event "Ports Lge"]
[Site "?"]
[Date "1972.??.??"]
[Round "?"]
[White "Yeeles, William"]
[Black "Brameld, Arthur F"]
[Result "0-1"]
[WhiteElo "1990"]
[BlackElo "2180"]
[PlyCount "38"]
[EventDate "1972.??.??"]
[EventType "simul"]
[EventRounds "11"]

1. d4 d5 2. Nf3 Nc6 3. Bf4 Bg4 4. e3 Nf6 5. c4 e6 6. Nc3 Ne4 7. Be2 Nxc3 8. bxc3 dxc4 9. Bxc4 Bd6 10. O-O O-O 11. Bd3 Qf6 12. Bxd6 cxd6 13. Be2 d5 14. c4 dxc4 15. Bxc4 Rfd8 16. h3 Bh5 17. Qe2 Rac8 18. g4 Bg6 19. Bd3 Bxd3 0-1

[Event "FareCh"]
[Site "?"]
[Date "1972.??.??"]
[Round "?"]
[White "Charvill, John"]
[Black "Brameld, Arthur F"]
[Result "0-1"]
[WhiteElo "1780"]
[BlackElo "2180"]
[PlyCount "110"]
[EventDate "1972.??.??"]
[EventType "simul"]
[EventRounds "2"]

1. e4 c5 2. f4 Nc6 3. Nf3 e6 4. Bb5 a6 5. Bxc6 bxc6 6. O-O d5 7. d3 Rb8 8. Nbd2 Be7 9. Ne5 Qc7 10. b3 Nf6 11. Bb2 c4 12. Qf3 Qa5 13. c3 cxd3 14. Qxd3 Qb6+ 15. Kh1 a5 16. Qf3 Ba6 17. c4 Rd8 18. Rfd1 O-O 19. Ng4 dxe4 20. Nxe4 Nxe4 21. Qxe4 c5 22. Qf3 f6 23. Rd3 Rxd3 24. Qxd3 Qd6 25. Qe2 Rd8 26. Bc3 a4 27. Rf1 axb3 28. axb3 Bb7 29. Nf2 Qc6 30. Rg1 Ba8 31. Nd3 Rb8 32. Nc1 Qe4 33. Qf2 Rd8 34. Bd2 Qc6 35. Be3 Kf8 36. Qe2 Kg8 37. Rf1 Qd6 38. h3 Rd7 39. Qg4 f5 40. Qe2 Bf6 41. Bxc5 Qxc5 42. Qxe6+ Rf7 43. Nd3 Qc6 44. Qxc6 Bxc6 45. b4 Rd7 46. Ne5 Bxe5 47. fxe5 Rd2 48. Rg1 Rc2 49. e6 Rxc4 50. Rd1 Kf8 51. Rd8+ Ke7 52. Rg8 g6 53. Kg1 Rxb4 54. Rg7+ Kxe6 55. Rxh7 Rb1+ 0-1

[Event "Ports Lge"]
[Site "?"]
[Date "1972.??.??"]
[Round "?"]
[White "Cullinane, Anthony R"]
[Black "Brameld, Arthur F"]
[Result "1-0"]
[WhiteElo "1980"]
[BlackElo "2180"]
[PlyCount "60"]
[EventDate "1972.??.??"]
[EventType "simul"]
[EventRounds "11"]

1. c4 e5 2. Nc3 d6 3. g3 f5 4. Bg2 Nf6 5. e3 c6 6. d4 Be7 7. Nge2 O-O 8. O-O Qe8 9. b4 Qh5 10. c5 d5 11. a4 e4 12. b5 g5 13. Rb1 Ng4 14. h3 Nh6 15. Qb3 Kh8 16. Rd1 f4 17. bxc6 bxc6 18. exf4 Bxh3 19. Qb7 Ng4 20. Qxe7 Na6 21. Qxg5 Qxg5 22. fxg5 Bxg2 23. Kxg2 Rxf2+ 24. Kg1 e3 25. Nf4 Re8 26. Nce2 Re7 27. Rf1 Kg7 28. Rxf2 exf2+ 29. Kg2 Re4 30. Bd2 Re7 1-0

[Event "Ports Lge"]
[Site "?"]
[Date "1972.??.??"]
[Round "?"]
[White "Brown, M."]
[Black "Brameld, Arthur F"]
[Result "1/2-1/2"]
[WhiteElo "2015"]
[BlackElo "2180"]
[PlyCount "60"]
[EventDate "1972.??.??"]
[EventType "simul"]
[EventRounds "11"]

1. e4 c5 2. Nf3 Nc6 3. d4 cxd4 4. Nxd4 e6 5. Nc3 Qc7 6. g3 a6 7. Bg2 Nf6 8. O-O Nxd4 9. Qxd4 Bc5 10. Bf4 d6 11. Qd2 Bd7 12. Rad1 e5 13. Be3 Be6 14. Bxc5 dxc5 15. Nd5 Bxd5 16. exd5 Qd6 17. f4 O-O 18. fxe5 Qxe5 19. d6 Qxb2 20. Rb1 Qd4+ 21. Qxd4 cxd4 22. Rfd1 Rac8 23. Rb2 Rc4 24. Bf1 Rc6 25. Rxd4 b5 26. Bg2 Rc4 27. Rxc4 bxc4 28. Rb6 a5 29. Bf3 Rd8 30. Rc6 Kf8 1/2-1/2

[Event "Hants Lge"]
[Site "?"]
[Date "1972.??.??"]
[Round "?"]
[White "Brameld, Arthur F"]
[Black "Leach, C."]
[Result "1-0"]
[WhiteElo "2180"]
[BlackElo "1805"]
[PlyCount "81"]
[EventDate "1972.??.??"]
[EventType "simul"]
[EventRounds "5"]

1. e4 e5 2. Nf3 Nc6 3. d4 exd4 4. c3 d5 5. exd5 Qxd5 6. cxd4 Nf6 7. Nc3 Bb4 8. Bd2 Bxc3 9. bxc3 O-O 10. Be2 Re8 11. O-O Bg4 12. h3 Bh5 13. Be3 b5 14. a4 a6 15. axb5 axb5 16. Qd3 Rab8 17. Rfc1 Bg6 18. Qd1 Ne4 19. c4 bxc4 20. Bxc4 Qd6 21. Ra6 Rb6 22. Rxb6 cxb6 23. Qa4 Rb8 24. Bxf7+ Bxf7 25. Rxc6 b5 26. Qa6 Qd8 27. Bf4 Ra8 28. Qxb5 Ra1+ 29. Rc1 Nc3 30. Qb2 Rxc1+ 31. Bxc1 Qc8 32. Bf4 Bd5 33. Ne5 Na4 34. Qa3 Qa8 35. Qe7 Nc3 36. Kh2 h6 37. f3 Ne2 38. Be3 Qa5 39. Qe8+ Kh7 40. Qg6+ Kg8 41. Bxh6 1-0

[Event "Ports Lge"]
[Site "?"]
[Date "1972.??.??"]
[Round "?"]
[White "Brameld, Arthur F"]
[Black "Hutchinson, N."]
[Result "1-0"]
[WhiteElo "2180"]
[BlackElo "2150"]
[PlyCount "35"]
[EventDate "1972.??.??"]
[EventType "simul"]
[EventRounds "11"]

1. e4 d6 2. d4 Nf6 3. Nc3 g6 4. f4 Bg7 5. Nf3 O-O 6. e5 Nh5 7. Be2 f6 8. Nh4 fxe5 9. Bxh5 exd4 10. Nxg6 hxg6 11. Bxg6 dxc3 12. Qd5+ e6 13. Qh5 Rf6 14. f5 Nd7 15. Qh7+ Kf8 16. O-O cxb2 17. Bh6 Qe7 18. Qh8# 1-0

[Event "FareClub"]
[Site "?"]
[Date "1972.??.??"]
[Round "?"]
[White "Brameld, Arthur F"]
[Black "Pratten, Wilf"]
[Result "1-0"]
[WhiteElo "2180"]
[BlackElo "1965"]
[PlyCount "79"]
[EventDate "1972.??.??"]
[EventType "game"]

1. e4 e5 2. Nf3 Nc6 3. Nc3 Bc5 4. Bc4 d6 5. O-O Nf6 6. Nd5 Nxd5 7. exd5 Ne7 8. c3 Bg4 9. h3 Bh5 10. a4 a5 11. Qe2 O-O 12. d3 f5 13. Be3 Bxe3 14. Qxe3 Ng6 15. Rae1 Kh8 16. Kh2 f4 17. Qe4 Nh4 18. Nxh4 Qxh4 19. d4 Bg6 20. Qf3 Rae8 21. dxe5 dxe5 22. b4 axb4 23. cxb4 e4 24. Qg4 Qxg4 25. hxg4 h5 26. gxh5 Bxh5 27. a5 Rf6 28. Rh1 f3 29. Kg1 Rh6 30. gxf3 Bxf3 31. Rxh6+ gxh6 32. Kh2 Re5 33. Kg3 Kg7 34. Kf4 Kf6 35. Rg1 Rf5+ 36. Ke3 Rg5 37. Rxg5 hxg5 38. b5 Ke5 39. a6 bxa6 40. bxa6 1-0

[Event "Simul"]
[Site "?"]
[Date "1972.??.??"]
[Round "?"]
[White "Barden, Leonard"]
[Black "Brameld, Arthur F"]
[Result "1/2-1/2"]
[WhiteElo "2400"]
[BlackElo "2180"]
[PlyCount "57"]
[EventDate "1972.??.??"]
[EventType "game"]

1. e4 d6 2. d4 Nf6 3. Nc3 g6 4. Bg5 Bg7 5. Qd2 c6 6. O-O-O Qa5 7. Kb1 b5 8. a3 Nbd7 9. f4 Nb6 10. e5 dxe5 11. fxe5 Nfd7 12. Nf3 Nc4 13. Bxc4 bxc4 14. Ne4 Qa4 15. Qb4 Qxb4 16. axb4 a5 17. Bd2 a4 18. Nc3 Nb6 19. Ng5 Nd5 20. Nxd5 cxd5 21. h4 h5 22. Nh3 Bf5 23. Nf4 e6 24. Rc1 Kd7 25. Ka2 Ra7 26. Ne2 Rb8 27. Ng3 Bf8 28. Nxf5 exf5 29. c3 1/2-1/2

[Event "FareCh"]
[Site "?"]
[Date "1973.??.??"]
[Round "?"]
[White "Brameld, Arthur F"]
[Black "Grant, Jack"]
[Result "1-0"]
[WhiteElo "2180"]
[BlackElo "1685"]
[PlyCount "55"]
[EventDate "1973.??.??"]
[EventType "simul"]
[EventRounds "6"]

1. e4 e5 2. Nf3 Nc6 3. Nc3 Nf6 4. d4 exd4 5. Nd5 Be7 6. Bf4 d6 7. Qd3 Be6 8. Nxe7 Qxe7 9. Nxd4 Nxd4 10. Qxd4 Nh5 11. Be3 O-O 12. Be2 Nf6 13. Bg5 b6 14. f4 c5 15. Qe3 h6 16. Bh4 Qc7 17. Bxf6 gxf6 18. f5 Kh7 19. fxe6 fxe6 20. O-O-O e5 21. Bc4 a6 22. Rhf1 b5 23. Be6 Qg7 24. Rf5 Rad8 25. Rh5 Rh8 26. Rf1 Rde8 27. Qh3 Rxe6 28. Qxe6 1-0

[Event "FareCh"]
[Site "?"]
[Date "1973.??.??"]
[Round "?"]
[White "Brameld, Arthur F"]
[Black "Pratten, Wilf"]
[Result "1-0"]
[WhiteElo "2180"]
[BlackElo "1965"]
[PlyCount "136"]
[EventDate "1973.??.??"]
[EventType "simul"]
[EventRounds "6"]

1. e4 e6 2. d3 d5 3. Nd2 c5 4. g3 Nc6 5. Bg2 Nf6 6. Ngf3 Be7 7. O-O dxe4 8. dxe4 O-O 9. c3 Qd3 10. Ne1 Qd7 11. f4 b6 12. e5 Ne8 13. Qh5 f5 14. exf6 Nxf6 15. Qe2 Bb7 16. Nef3 Rae8 17. Re1 Bd6 18. Bh3 Nd8 19. Nc4 Bc7 20. Nce5 Qd5 21. c4 Qd6 22. b3 Be4 23. Bb2 Bb8 24. Rad1 Qc7 25. Rd2 Qb7 26. Red1 Bxf3 27. Nxf3 Qe4 28. Qxe4 Nxe4 29. Re2 Nd6 30. Be5 N8f7 31. Bxd6 Nxd6 32. Bxe6+ Kh8 33. Rde1 h6 34. Bd5 Rxe2 35. Rxe2 Re8 36. Kf2 Rxe2+ 37. Kxe2 Kh7 38. Ne5 Bc7 39. Kd3 h5 40. Nf7 Nxf7 41. Bxf7 h4 42. Ke4 hxg3 43. hxg3 g5 44. fxg5 Kg7 45. g6 Bxg3 46. Kd5 Be1 47. Kc6 Bb4 48. Kb7 a5 49. Kxb6 Kf8 50. Kb5 Ke7 51. Bd5 Kf8 52. Ka4 Bc3 53. Kb5 Bb4 54. Ka4 Bc3 55. a3 Bb2 56. b4 axb4 57. axb4 cxb4 58. Kxb4 Ke7 59. Kc5 Kd7 60. Kb6 Kd6 61. c5+ Kxd5 62. c6 Be5 63. g7 Bxg7 64. c7 Bd4+ 65. Kb7 Kd6 66. c8=Q Kd5 67. Qf5+ Be5 68. Kb6 Kd6 1-0

[Event "Ports Lge"]
[Site "?"]
[Date "1973.??.??"]
[Round "?"]
[White "Hutchinson, N."]
[Black "Brameld, Arthur F"]
[Result "1/2-1/2"]
[WhiteElo "2150"]
[BlackElo "2180"]
[PlyCount "60"]
[EventDate "1973.??.??"]
[EventType "swiss"]

1. e4 d6 2. d4 Nf6 3. Nc3 g6 4. f4 Bg7 5. Nf3 c5 6. e5 dxe5 7. dxe5 Qxd1+ 8. Kxd1 Ng4 9. Ke1 Nc6 10. Nd5 Rb8 11. h3 Nh6 12. g4 f6 13. exf6 exf6 14. Be3 b6 15. Bb5 Bd7 16. Rd1 f5 17. g5 Nf7 18. Rh2 Nd6 19. Rhd2 Nxb5 20. Nf6+ Bxf6 21. gxf6 Rd8 22. Ne5 Nxe5 23. fxe5 Nd4 24. Bxd4 Be6 25. Be3 Rxd2 26. Rxd2 Kf7 27. Kf2 Re8 28. Kg3 Rc8 29. b3 Re8 30. Kh4 Rc8 1/2-1/2

[Event "Ports Lge"]
[Site "?"]
[Date "1973.??.??"]
[Round "?"]
[White "Brameld, Arthur F"]
[Black "Gladwin, C."]
[Result "1/2-1/2"]
[WhiteElo "2180"]
[BlackElo "1710"]
[PlyCount "50"]
[EventDate "1973.??.??"]
[EventType "swiss"]

1. e4 c5 2. Nc3 Nc6 3. g3 g6 4. Bg2 Bg7 5. Nge2 d6 6. O-O e6 7. d3 Nge7 8. Bg5 h6 9. Be3 Qa5 10. Bf4 Ne5 11. d4 cxd4 12. Nxd4 a6 13. Nb3 Qc7 14. Bxe5 dxe5 15. Qe2 O-O 16. Rfd1 Bd7 17. Rd2 Nc6 18. Qc4 Rfd8 19. a4 Rac8 20. Ne2 b5 21. axb5 axb5 22. Qxb5 Nd4 23. Qa5 Qxa5 24. Rxa5 Rxc2 25. Rxc2 Nxc2 1/2-1/2

[Event "FareCh"]
[Site "?"]
[Date "1973.??.??"]
[Round "?"]
[White "Cole, Mike"]
[Black "Brameld, Arthur F"]
[Result "0-1"]
[WhiteElo "2785"]
[BlackElo "2180"]
[PlyCount "70"]
[EventDate "1973.??.??"]
[EventType "simul"]
[EventRounds "6"]

1. e4 d6 2. d4 Nf6 3. Nc3 g6 4. h3 Bg7 5. Nf3 c6 6. b3 b5 7. a3 O-O 8. Bb2 a6 9. Bd3 Nbd7 10. Ne2 Bb7 11. Qd2 c5 12. Ng3 Rc8 13. c4 bxc4 14. Bxc4 cxd4 15. Qe2 e5 16. Nd2 Nc5 17. O-O d5 18. exd5 Nxd5 19. Qf3 Ne3 20. Qxb7 Nxf1 21. Qxc8 Qxc8 22. Rxf1 Bh6 23. Nge4 Nxe4 24. Nxe4 Kg7 25. a4 f5 26. Ba3 fxe4 27. Bxf8+ Qxf8 28. Bxa6 e3 29. fxe3 Bxe3+ 30. Kh1 Qb4 31. Bc4 Qd2 32. Bd5 Qe2 33. Rb1 Qf2 34. Be4 Qg3 35. Rf1 Bf4 0-1

[Event "Ports Lge"]
[Site "?"]
[Date "1973.??.??"]
[Round "?"]
[White "Brameld, Arthur F"]
[Black "Brown, M."]
[Result "1/2-1/2"]
[WhiteElo "2180"]
[BlackElo "2015"]
[PlyCount "43"]
[EventDate "1973.??.??"]
[EventType "swiss"]

1. e4 c5 2. Nf3 d6 3. d4 cxd4 4. Qxd4 a6 5. Be3 Nc6 6. Qb6 Qxb6 7. Bxb6 Nf6 8. Nc3 Nd7 9. Nd5 Nxb6 10. Nxb6 Rb8 11. Bc4 g6 12. h3 Bg7 13. c3 O-O 14. O-O h6 15. Rfe1 Ne5 16. Nxe5 Bxe5 17. Bb3 Kh8 18. Nd5 Re8 19. f4 Bg7 20. Nc7 Rf8 21. Nd5 Re8 22. Nc7 1/2-1/2

[Event "Ports Lge"]
[Site "?"]
[Date "1973.??.??"]
[Round "?"]
[White "Brameld, Arthur F"]
[Black "Cullinane, Anthony R"]
[Result "1/2-1/2"]
[WhiteElo "2180"]
[BlackElo "1980"]
[PlyCount "64"]
[EventDate "1973.??.??"]
[EventType "swiss"]

1. e4 e5 2. Nf3 f5 3. exf5 e4 4. Ne5 Qg5 5. g4 d6 6. Nc4 h5 7. d3 Qh4 8. dxe4 hxg4 9. Nc3 Nf6 10. Bf4 Nc6 11. Bg2 Bd7 12. Qd2 O-O-O 13. O-O-O Be7 14. Nd5 Nxd5 15. exd5 Ne5 16. Nxe5 dxe5 17. Bxe5 Bxf5 18. Qa5 Qg5+ 19. Rd2 Bd6 20. Bxd6 Rxd6 21. Qxa7 Ra6 22. Qd4 Rxa2 23. Kb1 Ra6 24. Re2 Qg6 25. Be4 Bxe4 26. Qxe4 Qg5 27. Qe5 Qxe5 28. Rxe5 Rf6 29. Re4 Rxf2 30. Rxg4 Rhxh2 31. Rxh2 Rxh2 32. Rxg7 Rd2 1/2-1/2

[Event "FareCh"]
[Site "?"]
[Date "1973.??.??"]
[Round "?"]
[White "Potter, Eddy"]
[Black "Brameld, Arthur F"]
[Result "0-1"]
[WhiteElo "1630"]
[BlackElo "2180"]
[PlyCount "46"]
[EventDate "1973.??.??"]
[EventType "simul"]
[EventRounds "6"]

1. e4 d6 2. d4 Nf6 3. Nc3 g6 4. h3 Bg7 5. Nf3 c6 6. Bc4 b5 7. Bd3 O-O 8. O-O a6 9. a3 Bb7 10. b4 c5 11. bxc5 dxc5 12. e5 Nfd7 13. Be4 Bxe4 14. Nxe4 cxd4 15. Rb1 Nxe5 16. Nxd4 Nc4 17. c3 e5 18. Nf3 Nc6 19. Qxd8 Rfxd8 20. Re1 Rd3 21. Nfd2 Nxd2 22. Bxd2 f5 23. Re3 fxe4 0-1

[Event "Ports Lge"]
[Site "?"]
[Date "1973.??.??"]
[Round "?"]
[White "Brameld, Arthur F"]
[Black "Coles, John"]
[Result "1/2-1/2"]
[WhiteElo "2180"]
[BlackElo "1750"]
[PlyCount "60"]
[EventDate "1973.??.??"]
[EventType "swiss"]

1. e4 c5 2. Nf3 d6 3. d4 cxd4 4. Qxd4 Nc6 5. Bb5 Bd7 6. Bxc6 Bxc6 7. Nc3 Nf6 8. Bg5 Qa5 9. O-O-O b5 10. Kb1 Nd7 11. Rhe1 f6 12. Bh4 e6 13. Nd2 Qb6 14. Nb3 b4 15. Ne2 Nc5 16. Qc4 Qb5 17. Qxb5 Bxb5 18. Ned4 Bd7 19. Na5 Rc8 20. Bg3 e5 21. Nf5 Nxe4 22. Nxg7+ Bxg7 23. Rxe4 Bf5 24. Re2 Ke7 25. f3 Rc7 26. b3 Be6 27. Be1 Rb8 28. Re4 Bf5 29. Rc4 Rxc4 30. Nxc4 Be6 1/2-1/2

[Event "Ports Lge"]
[Site "?"]
[Date "1973.??.??"]
[Round "?"]
[White "Lambert, Glen"]
[Black "Brameld, Arthur F"]
[Result "1-0"]
[WhiteElo "1870"]
[BlackElo "2180"]
[PlyCount "49"]
[EventDate "1973.??.??"]
[EventType "swiss"]

1. d4 d5 2. c4 dxc4 3. Nf3 Nf6 4. Qa4+ c6 5. Qxc4 Be6 6. Qc2 Na6 7. Nc3 Nb4 8. Qa4 a5 9. e4 b5 10. Qd1 a4 11. Be2 h6 12. O-O g6 13. d5 cxd5 14. Bxb5+ Bd7 15. e5 Ne4 16. e6 Bxb5 17. exf7+ Kxf7 18. Ne5+ Kg7 19. Nxb5 Qb8 20. Be3 Qxb5 21. Qg4 Ra6 22. f3 Nc2 23. fxe4 Nxe3 24. Rf7+ Kg8 25. Qc8 1-0

[Event "FareCh"]
[Site "?"]
[Date "1973.??.??"]
[Round "?"]
[White "Mincham, Dave"]
[Black "Brameld, Arthur F"]
[Result "1/2-1/2"]
[WhiteElo "1660"]
[BlackElo "2180"]
[PlyCount "44"]
[EventDate "1973.??.??"]
[EventType "simul"]
[EventRounds "6"]

1. e4 d6 2. Nf3 g6 3. Bc4 c6 4. d3 Bg7 5. O-O Nd7 6. c3 Ngf6 7. Ng5 e6 8. f4 d5 9. Bb3 h6 10. e5 Ng8 11. Nf3 Ne7 12. d4 c5 13. Bc2 b6 14. Na3 Ba6 15. Rf2 Nc6 16. Ba4 Ne7 17. Nb5 O-O 18. Nh4 Bxb5 19. Bxb5 a6 20. Bd3 b5 21. a3 c4 22. Bc2 Nf5 1/2-1/2

[Event "Training"]
[Site "?"]
[Date "1973.??.??"]
[Round "?"]
[White "Brameld, Arthur F"]
[Black "De Buriatte, Tim"]
[Result "1/2-1/2"]
[WhiteElo "2180"]
[BlackElo "1805"]
[PlyCount "60"]
[EventDate "1973.??.??"]
[EventType "game"]

1. e4 c5 2. Nf3 Nc6 3. d4 cxd4 4. Nxd4 e5 5. Nb5 d6 6. a4 a6 7. N5c3 Nf6 8. Bg5 Be7 9. Bxf6 Bxf6 10. Nd5 O-O 11. Bc4 Be7 12. O-O Be6 13. Nbc3 Kh8 14. Kh1 Bg5 15. g3 Bh3 16. Rg1 f5 17. Bd3 Nd4 18. exf5 Bxf5 19. Bxf5 Rxf5 20. f4 Be7 21. Ne4 Rf7 22. c3 Ne6 23. Nxe7 Rxe7 24. f5 d5 25. fxe6 dxe4 26. Qxd8+ Rxd8 27. Rad1 Rd3 28. Rde1 Rxe6 29. Rxe4 Rd7 30. Rge1 Rde7 1/2-1/2

[Event "Social"]
[Site "?"]
[Date "1973.??.??"]
[Round "?"]
[White "Dean, Stuart"]
[Black "Brameld, Arthur F"]
[Result "1-0"]
[WhiteElo "1885"]
[BlackElo "2180"]
[PlyCount "85"]
[EventDate "1973.??.??"]
[EventType "game"]

1. e4 g6 2. d4 Bg7 3. Nc3 d6 4. f4 Nc6 5. Nf3 Bg4 6. Be3 Bxf3 7. gxf3 e5 8. fxe5 dxe5 9. d5 Nd4 10. Bxd4 exd4 11. Bb5+ c6 12. dxc6 Qh4+ 13. Ke2 O-O-O 14. cxb7+ Kxb7 15. Nd5 f5 16. Ba6+ Kc6 17. Qd3 fxe4 18. Qc4+ Kd6 19. Qc7+ Ke6 20. Nf4+ Kf5 21. fxe4+ Kg5 22. Qxd8+ Nf6 23. Rag1+ Kh6 24. Qd6 Re8 25. Bd3 Ng4 26. Rg3 Be5 27. Qxe5 Rxe5 28. Rh3 Qxh3 29. Nxh3 Ra5 30. a3 g5 31. Nf2 Ne5 32. Rg1 Rc5 33. Ng4+ Nxg4 34. Rxg4 Kh5 35. h3 h6 36. Kf3 a5 37. Kg3 Rc7 38. h4 a4 39. hxg5 hxg5 40. e5 Rc5 41. e6 Re5 42. Re4 Rxe4 43. Bxe4 1-0

[Event "SRCSSC"]
[Site "?"]
[Date "1973.??.??"]
[Round "?"]
[White "Sloane, P."]
[Black "Brameld, Arthur F"]
[Result "0-1"]
[WhiteElo "2000"]
[BlackElo "2000"]
[PlyCount "66"]
[EventDate "1973.??.??"]
[EventType "game"]

1. d4 Nf6 2. c4 c5 3. d5 e5 4. dxe6 fxe6 5. Nc3 d5 6. Bg5 d4 7. Ne4 Be7 8. Nd2 O-O 9. Ngf3 Nc6 10. e4 e5 11. Bd3 Nh5 12. Bxe7 Qxe7 13. g3 Qf6 14. h3 g6 15. Qe2 Be6 16. O-O-O Rfc8 17. Nh2 Nb4 18. Ng4 Qg7 19. Kb1 b5 20. Rc1 Rab8 21. b3 a6 22. Ka1 Qc7 23. Nf3 Nxd3 24. Qxd3 bxc4 25. bxc4 Bxg4 26. hxg4 Nf6 27. Ng5 Rb4 28. Qd2 Qa5 29. Rc2 Rcb8 30. f4 Nxg4 31. Nxh7 Ne3 32. Nf6+ Kg7 33. Rb2 Rxb2 0-1

[Event "FareClub"]
[Site "?"]
[Date "1973.??.??"]
[Round "?"]
[White "Pratten, Wilf"]
[Black "Brameld, Arthur F"]
[Result "1/2-1/2"]
[WhiteElo "1900"]
[BlackElo "2000"]
[PlyCount "96"]
[EventDate "1973.??.??"]
[EventType "match"]
[EventRounds "2"]

1. e4 Nf6 2. Nc3 d5 3. exd5 Nxd5 4. Bc4 c6 5. d4 Nxc3 6. bxc3 Bf5 7. Nf3 e6 8. O-O b5 9. Bb3 Bd6 10. c4 Nd7 11. a4 bxc4 12. Bxc4 Nb6 13. Bd3 Bxd3 14. Qxd3 Nd5 15. c4 Nf4 16. Qe4 Qc7 17. c5 f5 18. cxd6 fxe4 19. dxc7 Ne2+ 20. Kh1 exf3 21. gxf3 O-O 22. Re1 Nxd4 23. Bb2 Nc2 24. Rxe6 Nxa1 25. Bxa1 c5 26. Rc6 Rac8 27. Rxc5 Rxf3 28. Be5 Rf5 29. f4 g5 30. Rd5 gxf4 31. Rd8+ Rf8 32. Rd7 Rfe8 33. Bxf4 a6 34. Bg5 h5 35. Rd8 Kf7 36. Rxc8 Rxc8 37. Bd8 Ke8 38. Kg2 Kd7 39. Kg3 Ra8 40. Kh4 a5 41. Kxh5 Ra6 42. Kg5 Rc6 43. h4 Rc4 44. h5 Rxa4 45. h6 Ra2 46. h7 Rh2 47. Kg6 a4 48. Kg7 a3 1/2-1/2